Study on garden shop and plant tree at phnom Penh capital; សិក្សាពីសួនលក់រុក្ខជាតិ​ និងរុក្ខជាតិិិិឈើនៅរាជធានីភ្នំពេញ (Record no. 11011)

000 -LEADER
fixed length control field 00530nam a22001337a 4500
040 ## - CATALOGING SOURCE
Transcribing agency RUA
082 ## - DEWEY DECIMAL CLASSIFICATION NUMBER
Classification number FOR SAT 2015 B544 Or.1
100 ## - MAIN ENTRY--AUTHOR NAME
Personal name SAT PHAK; សាត ភាក់
245 ## - TITLE STATEMENT
Title Study on garden shop and plant tree at phnom Penh capital; សិក្សាពីសួនលក់រុក្ខជាតិ​ និងរុក្ខជាតិិិិឈើនៅរាជធានីភ្នំពេញ
260 ## - PUBLICATION, DISTRIBUTION, ETC. (IMPRINT)
Place of publication PHNOM PENH
Name of publisher SAT
Year of publication 2015
300 ## - PHYSICAL DESCRIPTION
Number of Pages x;42p.
Other physical details ill.
Dimensions 29cm.
856 ## - ELECTRONIC LOCATION AND ACCESS
Uniform Resource Identifier SAT PHAK
942 ## - ADDED ENTRY ELEMENTS (KOHA)
Koha item type FOR
952 ## - LOCATION AND ITEM INFORMATION (KOHA)
Withdrawn status [LOCAL, KOHA] 0
952 ## - LOCATION AND ITEM INFORMATION (KOHA)
Withdrawn status [LOCAL, KOHA] 0
952 ## - LOCATION AND ITEM INFORMATION (KOHA)
Withdrawn status [LOCAL, KOHA] 0
952 ## - LOCATION AND ITEM INFORMATION (KOHA)
Withdrawn status [LOCAL, KOHA] 0
952 ## - LOCATION AND ITEM INFORMATION (KOHA)
Withdrawn status [LOCAL, KOHA] 0
952 ## - LOCATION AND ITEM INFORMATION (KOHA)
Withdrawn status [LOCAL, KOHA] 0
952 ## - LOCATION AND ITEM INFORMATION (KOHA)
Withdrawn status [LOCAL, KOHA] 0
952 ## - LOCATION AND ITEM INFORMATION (KOHA)
Withdrawn status [LOCAL, KOHA] 0
Holdings
Permanent Location Date acquired Koha item type Lost status Shelving location Barcode Current Location Full call number
Library Block B2016-11-30FOR B544A05609Library Block BFOR SAT 2015 B544 Or.1
Library Block B2016-11-30FOR B544A05378Library Block BFOR SAT 2015 B544 Or.2
Library Block B2016-11-30FOR B544A05600Library Block BFOR SAT 2015 B544 Or.3
Library Block B2016-11-30FOR B544A05648Library Block BFOR SAT 2015 B544 Or.4
Library Block B2016-11-30FOR B544A05595Library Block BFOR SAT 2015 B544 Or.5
Library Block B2016-11-30FOR B544A05520Library Block BFOR SAT 2015 B544 Or.6
Library Block B2016-11-30FOR B544A05603Library Block BFOR SAT 2015 B544 Or.7
Library Block B2016-11-30FOR B544A05525Library Block BFOR SAT 2015 B544 Or.8
មជ្ឈមណ្ឌលឯការនៃសាកលវិទ្យាល័យភូមិន្ទកសិកម្មចំការដូង

Powered by Koha